All Urban Areas on Former Route 66 - Statistics

General Stats
  • This quiz has been taken 10 times
  • The average score is 9 of 43
Answer Stats
Hint State Answer % Correct
2,156,323 MO St. Louis
89%
8,671,746 IL Chicago
78%
12,237,376 CA Los Angeles
78%
722,810 OK Tulsa
78%
769,837 NM Albuquerque
67%
982,276 OK Oklahoma City
67%
79,842 AZ Flagstaff
56%
282,651 MO Springfield
56%
159,265 IL Springfield
56%
94,241 NM Santa Fe
44%
205,860 TX Amarillo
33%
2,276,703 CA San Bernardino
33%
86,679 MO Joplin
22%
30,522 CA Barstow
11%
134,100 IL Bloomington
11%
31,672 MO Fort Leonard Wood
11%
24,448 NM Gallup
11%
9,972 NM Grants
11%
46,953 AZ Kingman
11%
13,990 IL Lincoln
11%
7,537 MO Marshfield
11%
15,348 OK Miami
11%
6,739 CA Needles
11%
20,610 MO Rolla
11%
6,303 MO St. Clair
11%
7,227 MO Sullivan
11%
355,816 CA Victorville
11%
7,667 AZ Winslow
11%
25,415 OK Claremore
0%
8,022 OK Clinton
0%
15,837 IL Coal City
0%
11,124 OK Elk City
0%
14,346 OK El Reno
0%
14,027 MO Eureka
0%
14,710 MO Lebanon
0%
6,350 IL Litchfield
0%
8,522 MO Pacific
0%
11,078 IL Pontiac
0%
5,908 CA Silver Lakes
0%
4,866 IL Staunton
0%
5,217 NM Tucumcari
0%
5,068 OK Vinita
0%
12,076 OK Weatherford
0%
No matching quizzes found
Score Distribution
Percent of People with Each Score
Percentile by Number Answered
Your Score History
You have not taken this quiz